Heavy duty rotating equipment : from concept to operation : a practice-oriented engineering guide / Axel Sperber. (Record no. 22336)

000 -LEADER
fixed length control field 00965nam a22001937a 4500
020 ## - INTERNATIONAL STANDARD BOOK NUMBER
ISBN 9783658447168
082 ## - DEWEY DECIMAL CLASSIFICATION NUMBER
Classification number 621.406
Item number Sp749h 2024
100 ## - MAIN ENTRY--AUTHOR NAME
Personal name Sperber, Axel, author.
245 ## - TITLE STATEMENT
Title Heavy duty rotating equipment : from concept to operation : a practice-oriented engineering guide / Axel Sperber.
260 ## - PUBLICATION, DISTRIBUTION, ETC. (IMPRINT)
Place of publication Wiesbaden,Germany :
Name of publisher Springer Fachmedien Wiesbaden,
Year of publication c2024.
300 ## - PHYSICAL DESCRIPTION
Number of Pages 1 online resource, xiii, 359 pages:
Other physical details illustrations (some color).
490 ## - SERIES STATEMENT
Series statement Springer engineering guide series.
500 ## - GENERAL NOTE
General note Includes bibliographic references and index.
520 ## - SUMMARY, ETC.
Summary, etc This chapter discussed some important topics from the operating phase of an HDRE machine train. In particular the contribution that the HDRE engineer, who has guide through the procurement and commissioning phase,can continue to make in this phase, was also presented.
650 ## - SUBJECT ADDED ENTRY--TOPICAL TERM
Topical Term Rotating mahininery.
650 ## - SUBJECT ADDED ENTRY--TOPICAL TERM
Topical Term Turbomachines.
650 ## - SUBJECT ADDED ENTRY--TOPICAL TERM
Topical Term Compressors.
942 ## - ADDED ENTRY ELEMENTS (KOHA)
Koha item type Electronic Books
Holdings
Source of acquisition Permanent Location Date acquired Collection code Koha item type Lost status Shelving location Withdrawn status Current Location Full call number
DonationCagayan State University - Carig Library2026-04-15E-BooksElectronic Books E-Resource Section Cagayan State University - Carig Library621.406 Sp749h 2024

Cagayan State University University Library, Carig Campus
Tuguegarao City, Cagayan 3500 | www.csucarig.edu.ph

Powered by Koha